| 000 | 00774nam a2200229 a 4500 | ||
|---|---|---|---|
| 999 |
_c3838 _d3838 |
||
| 001 | 3838 | ||
| 003 | BD-JhCC | ||
| 005 | 20190527134006.0 | ||
| 008 | 171118s2001 bg a|||| ||a| 000 0 ben d | ||
| 020 | _a9844151333 | ||
| 035 | _a(BD-JhCC)3838 | ||
| 040 |
_aBD-JhCC _dBD-JhCC |
||
| 041 | _aben | ||
| 082 |
_a891.4409 _bJBN 2001 |
||
| 245 |
_aজীবনান্দ দাস : জন্মশতবার্ষিক স্মরক গ্রন্হ / _cআবদুল মান্নন সৈকত সম্পাদিত |
||
| 260 |
_aঢাকা : _bঅবসর, _c২০০১. |
||
| 300 |
_a283 p. : _bill. ; _c21 cm. |
||
| 650 | _aCollection Of Essays | ||
| 700 | _aসৈকত, আবদুল মান্নন | ||
| 942 |
_2ddc _cBK _01 |
||